000 00962nam a2200253Ia 4500
003 OSt
005 20220923211508.0
006 a|||||r|||| 00| 0
007 ta
008 220922b |||||||| |||| 00| 0 hin d
020 _a9789353221669 (hbk)
_c600
024 _a354,089
037 _bG-938/21-22, 28/12/2021, hinohar Publisher & Distributors
_cTextual
040 _aARTS
_cARTS
_bhin
041 _2hin
_ahin
082 _aV2y7M91, 152Q9
100 _aमकवाणा, किशोर, संपा.
245 0 _aडॉ आंबेडकर व्यक्ति दर्शन
246 _aḌaॉ āanbeḍakar vyakti darshana
260 _aदिल्ली
_b प्रभात प्रकाशन
_c2019
300 _a270पृ.
_ccm.
942 _hV2y7M91, 152Q9
_cTEXL
_2CC
999 _c300139
_d300139